Human rights: Key cases. (2009 - 2010 edition) (Record no. 45993)

MARC details
000 -LEADER
fixed length control field 00579nam a2200157 a 4500
008 - FIXED-LENGTH DATA ELEMENTS--GENERAL INFORMATION
fixed length control field 160609s2012 ||||||||||||||||| || u
020 ## - INTERNATIONAL STANDARD BOOK NUMBER
International Standard Book Number 9781444107883
050 ## - LIBRARY OF CONGRESS CALL NUMBER
Classification number JC 571 Hal
100 ## - MAIN ENTRY--PERSONAL NAME
Personal name Halstead, Peter
245 10 - TITLE STATEMENT
Title Human rights: Key cases. (2009 - 2010 edition)
Statement of responsibility, etc. By Peter Halstead
260 ## - PUBLICATION, DISTRIBUTION, ETC.
Place of publication, distribution, etc. Abingdon
Name of publisher, distributor, etc. Hodder Education
Date of publication, distribution, etc. 2012
300 ## - PHYSICAL DESCRIPTION
Extent xiii, 159p. :ill.
350 ## - PRICE (NR) (BK AM CF MU VM SE) [OBSOLETE]
Price 15.95
650 #0 - SUBJECT ADDED ENTRY--TOPICAL TERM
Topical term or geographic name entry element HUMAN RIGHTS
995 ## - RECOMMENDATION 995 [LOCAL, UNIMARC FRANCE]
-- CBU-MAIN LIBRARY (Kitwe)
-- 15.95
-- 1
-- AVAILABLE
-- Jun 29, 2016
-- Annex Low-Usage Collection
Holdings
Withdrawn status Lost status Source of classification or shelving scheme Damaged status Not for loan Home library Current library Shelving location Date acquired Total Checkouts Full call number Barcode Date last seen Price effective from Koha item type
          CBU-MAIN LIBRARY, KITWE. CBU-MAIN LIBRARY, KITWE.   11/30/2022   JC 571 Hal 746464 11/30/2022 11/30/2022 MONOGRAPH